LDR 01524naa#a2200193#i#450# 001 RU\\bibl\121745 005 20260502094201.6 011 ## _a1998-8990 100 ## _a20260423b2026####ek#y0rusy0150####ca 102 ## _aRU 200 1# _aСОВЕРШЕНСТВОВАНИЕ МЕТОДИКИ ОЦЕНКИ РИСКА ЭКОЛОГО-ХИМИЧЕСКОЙ ОПАСНОСТИ ВОЗДЕЙСТВИЯ НА ОКРУЖАЮЩУЮ СРЕДУ ПРИ ПЕРЕВОЗКЕ АВТОМОБИЛЬНЫМ ТРАНСПОРТОМ АВАРИЙНО ХИМИЧЕСКИ ОПАСНЫХ ВЕЩЕСТВ _eЖурнальная статья 210 1# _aСанкт-Петербург _cСанкт-Петербургский университет Государственной противопожарной службы Министерства Российской Федерации по делам гражданской обороны, чрезвычайным ситуациям и ликвидации последствий стихийных бедствий имени Героя Российской Федерации генерала армии Е.Н. Зиничева _d2026 215 ## _a9 с. 608 ## _aЖурнальная статья _2local 675 ## _aОхрана труда. Безопасность труда. 331.45 _z 700 #1 _aАксенов _gАлександр Александрович 700 #1 _aСавчук _gОлег Николаевич 700 #1 _aПьянусов _gАлександр Викторович 856 4# _ajournals.igps.ru _u